000 00948nam a2200289Ia 4500
003 OSt
005 20221006160549.0
006 a|||||r|||| 00| 0
007 ta
008 221006b |||||||| |||| 00| 0 eng d
020 _a9788971058992
_c
_25.00
024 _a45,502
037 _bGift, KCC (Window on Korea)
_cTextual
040 _aEASL
_cEASL
_beng
041 _2eng
_aeng
082 _aV495:1973.N80, Q2
100 _aPark Tae Gyun
_9674145
245 0 _aAlly and Empire
_b Two myths of South Korea-United States Relations, 1945-1980
260 _aSeoul
_bAcademy of Korean Studies Press Korea
_c2012
300 _a412p.
_ccm.
490 _v KEL
650 _a KEL
650 _aKorea - Foreign relations - United States
_9653618
700 _a Cho Ilsoo David Tr.
_9674146
942 _hV495:1973.N80, Q2
_cTEXL
_2CC
999 _c1113594
_d1113594